| 000 | 00544nam a22001577a 4500 | ||
|---|---|---|---|
| 020 | _qHard Cover. | ||
| 082 | _a621.3 | ||
| 100 | _aMuhammad Tabish Niaz. | ||
| 245 |
_aPassive Source Localization of Randomly Distributed Nodes in Wireless Sensor Networks / _cMuhammad Tabish Niaz. |
||
| 260 |
_aIslamabad: _bMCS - NUST, _c2012. |
||
| 300 |
_a70 p. : _bill. ; _c30cm. |
||
| 650 |
_aElectrical Engineering MS-Thesis. _916073 |
||
| 700 |
_aDr. Adnan Ahmed Khan _934950 |
||
| 942 |
_2ddc _cTHE |
||
| 999 |
_c541020 _d541020 |
||